| 000 | 00000nas 2200000zi 4500 |
| 001 | 9.883231 |
| 003 | CaOODSP |
| 005 | 20250217111203 |
| 006 | m o d f |
| 007 | cr ||||||||||| |
| 008 | 191231d1965198uonc x m o f0###a0eng|d |
| 022 | |y0068-7715 |
| 040 | |aCaOODSP|beng|erda|cCaOODSP |
| 043 | |an-cn--- |
| 086 | 1 |aEn57-7E-PDF |
| 086 | 1 |aEn57-7-PDF |
| 130 | 0 |aClimatological studies. |
| 245 | 10|aClimatological studies. |
| 246 | 3 |aÉtudes climatologiques |
| 264 | 1|aOttawa : |bEnvironment Canada, Atmospheric Environment Service, |c1965-[198-?] |
| 310 | |aIrregular |
| 336 | |atext|btxt|2rdacontent |
| 337 | |acomputer|bc|2rdamedia |
| 338 | |aonline resource|bcr|2rdacarrier |
| 362 | 1 |aBegan in 1965. |
| 500 | |aIssued also in French under title: Études climatologiques. |
| 500 | |aDigitized edition from print [produced by Environment and Climate Change Canada]. |
| 546 | |aSome issues in English and French. |
| 550 | |aNo. 1-no. 17 published: Toronto : Meteorological Branch; no. 18- published : Ottawa : Atmospheric Environment Service. |
| 588 | |aDescription based on: No. 18. |
| 650 | 0|aClimatology. |
| 651 | 0|aCanada|xClimate. |
| 710 | 1 |aCanada. |bEnvironment Canada. |
| 710 | 1 |aCanada. |bMeteorological Branch. |
| 710 | 1 |aCanada. |bAtmospheric Environment Service. |
| 775 | 08|tEĢtudes climatologiques.|w(CaOODSP)9.883247 |